| 000 | 00609nam a2200205 a 4500 | ||
|---|---|---|---|
| 005 | 20241022063650.0 | ||
| 008 | 991125s1967 es 000 0 spa u | ||
| 035 | _aUPN01000057586 | ||
| 049 | _aCG | ||
| 050 | 4 |
_aHQ769 _bS3.88 1967 |
|
| 100 | 1 |
_aSchneider, Friedrich Wilhelm, _d1881-1974 _942880 |
|
| 245 | 1 | 0 |
_aTus hijos y tú / _cFriedrich Schneider ; tr. Constantino Ruiz Garrido. |
| 250 | _a4a ed. | ||
| 260 |
_aBarcelona [Esp.] : _bHerder, _c1967. |
||
| 300 | _a360 p. | ||
| 650 | 4 |
_aNiño, Estudio del _9221 |
|
| 650 | 4 |
_aNiños _xDirección _96094 |
|
| 650 | 4 |
_aPadres e hijos _91360 |
|
| 905 | _aLibro | ||
| 999 |
_c57586 _d57586 |
||